000 00428nam a22001457a 4500
020 _a9789976603622
082 _a346.022 NDI
100 _aNDITI,Nicholas.N.N.
_91614
245 _aGeneral Principle Of Contract Law In East Africa
260 _aDar es salaam
_bN.N.N.Nditi
_c2009
300 _axxii,389p.
_bill,;20cm
500 _aIncludes Index
650 _aGeneral Principle Of Contract Law In East Africa
_91615
942 _cBK
999 _c21500
_d21500